书目信息 |
| 题名: |
现代语言学流派
|
|
| 作者: | 冯志伟 著 | |
| 分册: | ||
| 出版信息: | 北京 商务印书馆 2013.10 |
|
| 页数: | 13,842页 | |
| 开本: | 21cm | |
| 丛书名: | ||
| 单 册: | ||
| 中图分类: | H0-06 | |
| 科图分类: | ||
| 主题词: | 语言学派 | |
| 电子资源: | ||
| ISBN: | 978-7-100-09512-9 | |
| 000 | 00793nam0 2200253 450 | |
| 001 | 0120131181327 | |
| 005 | 20140612085632.12 | |
| 010 | @a978-7-100-09512-9@dCNY65.00 | |
| 100 | @a20131128d2013 em y0chiy0110 ea | |
| 101 | 0 | @achi |
| 102 | @aCN@b110000 | |
| 105 | @aa z 000yy | |
| 106 | @ar | |
| 200 | 1 | @a现代语言学流派@9xian dai yu yan xue liu pai@f冯志伟著 |
| 205 | @a增订本 | |
| 210 | @a北京@c商务印书馆@d2013.10 | |
| 215 | @a13,842页@c图@d21cm | |
| 330 | @a本书共分为二十三章,主要内容包括:现代语言学的历史前奏、索绪尔的语言学说、布拉格学派、哥本哈根学派、叶斯柏森的语言理论等。 | |
| 333 | @a语言学派研究相关人员 | |
| 606 | 0 | @a语言学派 |
| 690 | @aH0-06@v5 | |
| 701 | 0 | @a冯志伟@9feng zhi wei@4著 |
| 801 | 0 | @aCN@b人天书店@c20131128 |
| 905 | @b549413-15@dH0-06@e230=2@f3 | |
| 现代语言学流派/冯志伟著.-增订本.-北京:商务印书馆,2013.10 |
| 13,842页:图;21cm |
| 使用对象:语言学派研究相关人员 |
| ISBN 978-7-100-09512-9:CNY65.00 |
| 本书共分为二十三章,主要内容包括:现代语言学的历史前奏、索绪尔的语言学说、布拉格学派、哥本哈根学派、叶斯柏森的语言理论等。 |
| ● |
| 相关链接 |
|
|
|
|
正题名:现代语言学流派
索取号:H0-06/230=2
 
预约/预借
| 序号 | 登录号 | 条形码 | 馆藏地/架位号 | 状态 | 备注 |
| 1 | 549413 | 205494133 | 第二样本阅览室/ [索取号:H0-06/230=2] | 在馆 | |
| 2 | 549414 | 205494142 | 第四借阅区/ [索取号:H0-06/230=2] | 在馆 | |
| 3 | 549415 | 205494151 | 第四借阅区/ [索取号:H0-06/230=2] | 在馆 |